000 00308nam a22001337a 4500
008 171031b xxu||||| |||| 00| 0 eng d
020 _a9780078023125
041 _aeng
080 _a33
100 _a58
101 _aBUS
245 _aBUSINESS connecting principles to practice
_cNICKELS
942 _2udc
_cBK
999 _c36728
_d36728